|
|
|
|
| LEADER |
00000naa2a2200000 4500 |
| 001 |
382080 |
| 005 |
20231101062916.0 |
| 035 |
|
|
|a (RuTPU)RU\TPU\prd\5424
|
| 090 |
|
|
|a 382080
|
| 100 |
|
|
|a 20020814a2002 k y0rusy50 ca
|
| 101 |
0 |
|
|a rus
|
| 102 |
|
|
|a RU
|
| 200 |
1 |
|
|a Алгоритмическая компенсация погрешностей инерциальной навигационной системы
|f А. К. Неусыпин, О. Б. Смолкин
|
| 225 |
1 |
|
|a Современные технологии
|
| 320 |
|
|
|a Библиогр.: 3 назв.
|
| 461 |
|
1 |
|0 (RuTPU)RU\TPU\prd\1282
|x 0869-4931
|t Автоматизация и современные технологии
|o межотраслевой научно-технический журнал
|d 1992-
|
| 463 |
|
1 |
|0 (RuTPU)RU\TPU\prd\3077
|t № 3
|v С. 26-28
|d 2002
|
| 610 |
1 |
|
|a авиация
|
| 610 |
1 |
|
|a авиационный транспорт
|
| 610 |
1 |
|
|a алгоритмическая компенсация
|
| 610 |
1 |
|
|a летательные аппараты
|
| 610 |
1 |
|
|a навигационные системы
|
| 610 |
1 |
|
|a погрешности
|
| 610 |
1 |
|
|a спутниковые навигационные системы
|
| 610 |
1 |
|
|a инерциальная навигация
|
| 675 |
|
|
|a 681.513
|v 3
|
| 700 |
|
1 |
|a Неусыпин
|b А. К.
|
| 701 |
|
1 |
|a Смолкин
|b О. Б.
|
| 801 |
|
1 |
|a RU
|b 63413507
|c 20020814
|g PSBO
|
| 801 |
|
2 |
|a RU
|b 63413507
|c 20120220
|g PSBO
|
| 942 |
|
|
|c BK
|